Hearts2Hearts all songs(until February 2026) - Statistics

General Stats
  • This quiz has been taken 87 times
  • The average score is 7 of 9
Answer Stats
Hint Answer % Correct
FOCUS FOCUS
100%
The Chase The Chase
100%
2nd Digital single RUDE!
96%
Digital single STYLE
88%
FOCUS Apple Pie
83%
The Chase Butterflies
81%
Pre-release(FOCUS) Pretty Please
71%
FOCUS Blue Moon
60%
FOCUS Flutter
58%
No matching quizzes found
Score Distribution
Percent of People with Each Score
Percentile by Number Answered
Your Score History
You have not taken this quiz